Регионална библиотека "Любен Каравелов" - Русе

Стъклената река (Запис номер 52935)

MARC детайли
000 -Лидер
Контролно поле с фиксирана дължина 01251nam a2200313 c 4500
003 - Код на организацията, давaща контролен номер
Контролно поле BLK
005 - Дата и час на последна редакция
Контролно поле 20240103093300.0
008 - Елементи от данни с фиксирана дължина
fixed length control field 180408b bul|||||r ||||||| ||bul||
010 ## - Наследен системен номер
LC control number KNG00056865000
020 ## - Международен стандартен номер на книга ISBN
Международен стандартен номер на книга ISBN 954-775-525-0
-- издат.: Фабер
040 ## - Източник на каталожния запис
Идентификатор на билиотеката - собственик на записа BLK
041 ## - Код за език
Код за езика на текст/звукозапис или на отделно заглавие Български
Код за езика КДБФ Български
080 ## - УДК
Текстов определител УДК Българска литература
УДК код - определител по УДК 821.163.2
УДК определител -31
УДК - код + определител 821.163.2-31
100 1# - Редна дума - Автор
Автор Андреев, Емил
Авторска отговорност първи автор
Автор - информация (биография) Иванов, Емил Андреев
R(LIN) 259607
139 ## - Редно поле
Редна дума Андреев, Емил
Авторски знак Андр - А 66
245 10 - Сведения за заглавието
Заглавие Стъклената река
Подзаглавни данни Роман
Редно поле (дума) Емил Андреев.
250 ## - Област на изданието
Сведения за изданието 2. изд.
257 ## - Страна на издаване
Страна на създаване/издаване България
260 ## - Област на издателските данни
-- В. Търново
Име на издателя, разпространителя и проч. Фабер
Година на издаване 2005
300 ## - Физическа характеристика
Страници 328 с.
Размери/Мащаб 20 см
380 ## - Жанр
Жанр Худож. лит.
500 ## - Общи забележки
Забележка 1. изд. на изд. Изток-Запад. - Романът е носител на наградата на читателите за Роман на 2005 год. ; на наградата ВИК за най-добър бълг. роман на 2005 год.
852 ## - Местоположение
Форматна сигнатура Цб 225650
856 4# - Електронен адрес и достъп
Електронен формат pdf - файл
Път до файла /url/
856 4# - Електронен адрес и достъп
Електронен формат pdf - файл
Път до файла /url/
942 ## - АРТИКУЛИ
Вид на библиотечния материал Книги
Скрит в OPAC Не
Koha issues (borrowed), all copies 16
944 ## - СЪЗДАВАНЕ И РЕДАКЦИЯ на ЗАПИСА
Създаване/Редакция Създаване
Дата на регистрацията/редакция 28.11.2005
Служител, извършил регистрацията/редакцията 30531
Статус, дата на статуса Цветелина Шанова
944 ## - СЪЗДАВАНЕ И РЕДАКЦИЯ на ЗАПИСА
Създаване/Редакция Редакция
Дата на регистрацията/редакция 04.05.2007
Служител, извършил регистрацията/редакцията
999 ## - СИСТЕМНИ КОНТРОЛНИ НОМЕРА
Koha biblionumber 52935
Koha biblioitemnumber 52935
Наличности
Код за отписване Код за изгубен артикул Източник на класификационната схема Код за повреда Коз за рестрикции Код за отдаване Артикулен № Име на библиотеката - собственик Име на библиотеката, в която се намира в момента Статус (Текущо местоположение) Дата на вписване в системата Местоположение - отдел Цена в лева Инвентарен номер Систематично азбучна сигнатура Баркод Номер на екземпляра Цена в евро Служебна бележка Служебен тип на артикула Бележка за публиката
  Не е изгубен Universal Decimal Classification Не е повреден без рестрикции заемане за дома 83422 Регионална библиотека "Любен Каравелов" Русе Регионална библиотека "Любен Каравелов" Русе Заемна - подръчен фонд 2005-11-25 Заемна - подръчен фонд 8.00 120000698426 П 821.163.2-31/А 66 120000698426 1 4.09 Дост: Pk Вид: Ф N: 35051 Дата: 25.11.2005 Дата инв: 14.02.2018 Бележки инв: П2018 Книги  
Изтеглен Не е изгубен   Не е повреден без рестрикции заемане за дома 83423 Регионална библиотека "Любен Каравелов" Русе Регионална библиотека "Любен Каравелов" Русе   2005-11-25 Заемна - подръчен фонд 8.00 120000698427 П 886.7-31/А 66 120000698427 2 4.09 Дост: Pk Вид: Ф N: 35051 Дата: 25.11.2005 Книги Отч.N: 20/2018 , Дата: 26.03.2018
  Не е изгубен   Не е повреден без рестрикции ползва се в читалня 83424 Регионална библиотека "Любен Каравелов" Русе Регионална библиотека "Любен Каравелов" Русе Хранилище 2007-04-24 Хранилище 8.00 120000712792 Цб 225650 120000712792 3 4.09 Дост: Dp Вид: Д N: 43 Дата: 27.09.2006 Книги  
  Не е изгубен Universal Decimal Classification Не е повреден без рестрикции заемане за дома 754154 Регионална библиотека "Любен Каравелов" Русе Регионална библиотека "Любен Каравелов" Русе Заемна - подръчен фонд 2020-01-17 Заемна - подръчен фонд 8.00   П 886.7-31/А 66 120000841412   4.09   Книги  
Vip Innovations Ltd, Rousse, Bulgaria 2025